Integrated crop and resource management in the rice-wheat system of South Asia / (Record no. 11990)

000 -LEADER
fixed length control field 00478nam a22001455a 4500
020 ## - INTERNATIONAL STANDARD BOOK NUMBER
ISBN 9789712202476
040 ## - CATALOGING SOURCE
Transcribing agency DLC
082 ## - DEWEY DECIMAL CLASSIFICATION NUMBER
Classification number 631 INT 2009 A039 Or.
245 00 - TITLE STATEMENT
Title Integrated crop and resource management in the rice-wheat system of South Asia /
260 ## - PUBLICATION, DISTRIBUTION, ETC. (IMPRINT)
Place of publication Makati City, Philippines :
Name of publisher International Rice Research Institute,
Year of publication 2009.
300 ## - PHYSICAL DESCRIPTION
Number of Pages vi, 395 p. :
Other physical details ill. ;
Dimensions 23 cm.
700 1# - ADDED ENTRY--PERSONAL NAME
Personal name Ladha, J. K.
710 2# - ADDED ENTRY--CORPORATE NAME
Corporate name or jurisdiction name as entry element International Rice Research Institute.
942 ## - ADDED ENTRY ELEMENTS (KOHA)
Koha item type សៀវភៅភាសាអង់គ្លេស
952 ## - LOCATION AND ITEM INFORMATION (KOHA)
Withdrawn status [LOCAL, KOHA] 0
Holdings
Permanent Location Date acquired Koha item type Lost status Shelving location Barcode Current Location Full call number
Library Block A2017-08-09សៀវភៅភាសាអង់គ្លេស A039A20672Library Block A631 INT 2009 A039 Or.
មជ្ឈមណ្ឌលឯការនៃសាកលវិទ្យាល័យភូមិន្ទកសិកម្មចំការដូង

Powered by Koha